Personnages spéciaux GTA 5 - Statistiques

Statistiques générales
  • Ce quiz a été pris 9 fois
  • Le résultat moyen est 4 sur 11
Statistiques - réponses
Par images Réponse % Correct
mime
100%
zombie
83%
rage impuissante
50%
clinton
33%
andy moon
17%
jane
17%
jerome
17%
jesse
17%
mani
17%
pamela drake
17%
bill binder
0%
Aucun quiz correspondant
Distribution des résultats
% des personnes avec chaque résultat
Percentile par nombre de réponses
Votre historique - résultats
Vous n’avez pas pris ce quiz